00420nam a2200109Ia 4500008004100000100002400041245010200065260002900167300001700196650001500213856008200228160712s9999 xx 000 0 und d aTorres Yu, Rosario  cRosario Torres YuaPanitikang Pambata, Edukasyon, at Konsepto ng Bata: Mga Palaisipan at Panukala c2011bHumanities Diliman avol. 8 no. 1 xHUMANITIES uhttp://journals.upd.edu.ph/index.php/humanitiesdiliman/issue/view/255/showToc